| 000 | 00578nam a2200193 a 4500 | ||
|---|---|---|---|
| 005 | 20250611063909.0 | ||
| 008 | 051021s1999 mx r 000 0 spa d | ||
| 020 | _a9701504801 | ||
| 035 | _aUPN01000140756 | ||
| 049 | _aCG | ||
| 050 | 4 |
_aHF5549.5 T7 _bC3.3 |
|
| 100 | 1 | _aCastanyer Figueras, Francesc | |
| 245 | 1 | 3 |
_aLa capacitación permanente en la empresa / _cFrancesc Castanyer Figueras. |
| 260 |
_aMéxico : _bAlfaomega, _cc1999. |
||
| 300 |
_a160 p. : _bfigs. |
||
| 650 | 4 |
_aEmpleados _xCapacitación _9979 |
|
| 650 | 2 |
_aFormación en la empresa _91764 |
|
| 905 | _aLibro | ||
| 999 |
_c112904 _d112904 |
||